000 00553nam a2200193Ia 4500
005 20250508154717.0
008 008 250505s9999 xx 000 0 eng d
037 _aDissertations
040 _aFEDL
_beng
_cFEDL
041 _aeng
_2eng
084 _a313.37, SAB/DI
_qFEDL
100 _aSabharwal Rani Laxman Kaur
_9765903
245 0 _aCorrelation techniques in education
260 _c1967
300 _aiv,91p.
546 _aM. Ed. Dissertation (Delhi University)
942 _cDIS
_h313.37, SAB/DI
999 _c1351713
_d1351713